00279nam a2200109 a 450000500170000000800410001705000180005810000150007624500250009126000470011644000060016320140412111328.0110121s19uu xx 00 eng d aERbGa11 1991 aDavis, Jim aGarfield at the gym. aRacine, Wisconsin :bA Golden Book,c1991. a